书目信息 |
| 题名: |
室内装饰材料应用与施工
|
|
| 作者: | 张峰 , 陈雪杰 主编 | |
| 分册: | ||
| 出版信息: | 北京 中国电力出版社 2009.04 |
|
| 页数: | 126页 | |
| 开本: | 26cm | |
| 丛书名: | ||
| 单 册: | ||
| 中图分类: | TU56 | |
| 科图分类: | ||
| 主题词: | 室内装饰--shi nei zhuang shi--装饰材料--高等学校--教材 | |
| 电子资源: | ||
| ISBN: | 978-7-5083-8512-9 | |
| 000 | 00997nam0 2200265 450 | |
| 001 | 012009597953 | |
| 005 | 20091005115037.96 | |
| 010 | @a978-7-5083-8512-9@dCNY34.00 | |
| 100 | @a20091005d2009 em y0chiy0120 ea | |
| 101 | 0 | @achi |
| 102 | @aCN@b110000 | |
| 105 | @aa a 000yy | |
| 106 | @ar | |
| 200 | 1 | @a室内装饰材料应用与施工@Ashi nei zhuang shi cai liao ying yong yu shi gong@f张峰, 陈雪杰主编@Fzhang feng,chen xue jie zhu bian |
| 210 | @a北京@c中国电力出版社@d2009.04 | |
| 215 | @a126页@c图@d26cm | |
| 300 | @a21世纪高等学校规划教材 | |
| 320 | @a有书目 (第126页) | |
| 330 | @a全书共七章,主要介绍了室内楼地面装饰、墙面装饰、吊顶装饰、门窗及楼梯装饰中涉及的各种材料种类、应用、选购及其施工工艺,以及它们各自的优缺点和工程应用中的常见问题。 | |
| 606 | 0 | @a室内装饰@Ashi nei zhuang shi@x装饰材料@x高等学校@j教材 |
| 690 | @aTU56@v4 | |
| 701 | 0 | @a张峰@Azhang feng@4主编 |
| 701 | 0 | @a陈雪杰@Achen xue jie@4主编 |
| 801 | 0 | @aCN@bQSSK@c20091005 |
| 905 | @b759869-73@dTU56@eZ102@f5 | |
| 室内装饰材料应用与施工/张峰, 陈雪杰主编.-北京:中国电力出版社,2009.04 |
| 126页:图;26cm |
| 21世纪高等学校规划教材 |
| ISBN 978-7-5083-8512-9:CNY34.00 |
| 全书共七章,主要介绍了室内楼地面装饰、墙面装饰、吊顶装饰、门窗及楼梯装饰中涉及的各种材料种类、应用、选购及其施工工艺,以及它们各自的优缺点和工程应用中的常见问题。 |
| ● |
| 相关链接 |
|
|
|
正题名:室内装饰材料应用与施工
索取号:TU56/Z102
 
预约/预借
| 序号 | 登录号 | 条形码 | 馆藏地/架位号 | 状态 | 备注 |
| 1 | 759869 | 207598697 | 建筑库201/201建筑库 10排3列3层/ [索取号:TU56/Z102] | 在馆 | |
| 2 | 759870 | 207598704 | 建筑库201/201建筑库 10排3列3层/ [索取号:TU56/Z102] | 在馆 | |
| 3 | 759871 | 207598713 | 建筑库201/201建筑库 10排3列3层/ [索取号:TU56/Z102] | 在馆 | |
| 4 | 759872 | 207598722 | 建筑库201/201建筑库 10排3列3层/ [索取号:TU56/Z102] | 在馆 | |
| 5 | 759873 | 207598731 | 建筑库201/201建筑库 10排3列3层/ [索取号:TU56/Z102] | 在馆 |